| 000 | 01607aam a2200325 a 4500 | ||
|---|---|---|---|
| 999 |
_c2715 _d2715 |
||
| 001 | 015174643 | ||
| 003 | Uk | ||
| 005 | 20230811162132.0 | ||
| 008 | 080703s2009 enkab b 001 0 eng | ||
| 010 | _a2008029792 | ||
| 020 | _a9780195338119 (pbk.) : | ||
| 020 | _a0195338111 (pbk.) : | ||
| 040 |
_aStDuBDS _beng _cStDuBDS _dUk _dKH8 |
||
| 082 | 0 | 0 | _a959 LOC |
| 100 | 1 |
_aLockard, Craig A. _eauthor. |
|
| 245 | 1 | 0 |
_aSoutheast Asia in world history / _cCraig A. Lockard. |
| 260 |
_aNew York ; _aOxford : _bOxford University Press, _cc2009. |
||
| 300 |
_aviii, 256 pages : _billustrations, maps ; _c9.1 x 6.1 x 0.7 inches. |
||
| 336 |
_atext _2rdacontent |
||
| 337 |
_aunmediated _2rdamedia |
||
| 338 |
_avolume _2rdacarrier |
||
| 490 | 1 | _aThe new Oxford world history | |
| 500 |
_aFormerly CIP. _5Uk |
||
| 500 | _aIncludes Index | ||
| 504 | _aIncludes bibliographical references (p. [209]-221) and index. | ||
| 505 | 0 | _aThe ancient roots of Southeast Asia to ca. 200 BCE -- Southeast Asians in the classical world, ca. 200 BCE-800 CE -- The kingdoms of the golden age, ca. 800-1400 -- New cultures and connections, ca. 1300-1750 -- Christians, spices, and Western expansion, 1500-1750 -- The Western winds of colonialism, 1750-1914 -- Colonial impact and changing fortunes, 1800-1941 -- Fighting for the cause of national freedom, 1900-1950 -- Revolutionary wars and nation building, 1950-1975 -- Diverse identities, "tigers," and changing politics since 1970 -- Southeast Asia and the wider world. | |
| 651 | 0 |
_aSoutheast Asia _xHistory. |
|
| 830 | 0 | _aNew Oxford world history. | |
| 942 |
_2ddc _cTR |
||